Foreign Direct Investments and Labour Force Indicators in Transition Economies Linear Mixed-Effects Models Impact Analysis
Hlavným cieľom tohto príspevku je analyzovať vplyv priamych zahraničných investícií na pracovnú silu v transformujúcich sa ekonomikách prostredníctvom monitorovania a kvantifikácie vybraných ukazovateľov trhu práce.
Na minha lista:
| Formato: | Capítulo de Livro |
|---|---|
| Idioma: | inglês |
| Assuntos: | |
| Tags: |
Sem tags, seja o primeiro a adicionar uma tag!
|
MARC
| LEADER | 00000naa a2200000 4500 | ||
|---|---|---|---|
| 001 | 0277818 | ||
| 005 | 20220316144156.8 | ||
| 041 | 0 | |a eng | |
| 044 | |a SK | ||
| 245 | 1 | 0 | |a Foreign Direct Investments and Labour Force Indicators in Transition Economies |b Linear Mixed-Effects Models Impact Analysis |c Milica Peric, Sanja Filipovic |
| 520 | |a Hlavným cieľom tohto príspevku je analyzovať vplyv priamych zahraničných investícií na pracovnú silu v transformujúcich sa ekonomikách prostredníctvom monitorovania a kvantifikácie vybraných ukazovateľov trhu práce. | ||
| 610 | 2 | 0 | |a investície priame zahraničné |
| 610 | 2 | 0 | |a sily pracovné |
| 610 | 2 | 0 | |a ukazovatele |
| 610 | 2 | 0 | |a krajiny tranzitívne |
| 610 | 2 | 0 | |a zamestnanosť |
| 610 | 2 | 0 | |a mzdy |
| 610 | 2 | 0 | |a nerovnosť príjmová |
| 610 | 2 | 0 | |a modely lineárne |
| 610 | 2 | 0 | |a analýzy |